LIBRARY & INFORMATION CENTRE, KCAET, TAVANUR

ONLINE PUBLIC ACCESS CATALOGUE (OPAC)

Normal view MARC view
  • Webb,Colin

Entry Personal Name

Number of records used in: 1

001 - CONTROL NUMBER

  • control field: 419

003 - CONTROL NUMBER IDENTIFIER

  • control field: OSt

005 - DATE AND TIME OF LATEST TRANSACTION

  • control field: 20160614161335.0

008 - FIXED-LENGTH DATA ELEMENTS

  • fixed length control field: 160614|| aca||aabn | a|a d

040 ## - CATALOGING SOURCE

  • Original cataloging agency: OSt
  • Transcribing agency: OSt

100 ## - HEADING--PERSONAL NAME

  • Personal name: Webb,Colin

670 ## - SOURCE DATA FOUND

  • Source citation: Work cat.: (OSt): Food Industry Wastes Assessment And Recuperation of Commodities, 2013
free website counter